000 00424cam a2200193 4500
001 D13599
008 090401t1941 xxu||||| |||| 00| 0 eng d
035 _a(Sirsi) u10679
041 _aeng
050 _a622.2
100 _aPeele, R.
245 _aMining engineers handbook. 2 Vols
250 _a3rd
260 _bChapman and Hall
_c1941
350 _a0
520 _aShelf 133
942 _n0
948 _c04/03/1997
999 _c86766
_d86766